000 00728nam a2200217 u 4500
005 20240611063652.0
008 130422s2004 mx r 000 0 spa d
020 _a9702605652
035 _aUPN01000190774
049 _aCG
050 4 _aQA159
_bC4.2 2004
100 1 _aCedillo Ávalos, Tenoch Esaú
_934560
245 1 3 _aEl álgebra como instrumento para expresar generalizaciones :
_bla calculadora en el aula 2 /
_cTenoch Esaú Cedillo Avalos ; colab. Gloria Saynez Mendoza.
250 _a2a ed.
260 _aMéxico :
_bPearson Educación,
_c2004.
300 _a157 p. :
_bil.
650 4 _aÁlgebra
_xEstudio y enseñanza
_92073
700 1 _aSaynez Mendoza, Gloria,
_ecolab.
905 _aLibro
999 _c162877
_d162877